000 00579nam a22001097a 4500
008 130718b xxu||||| |||| 00| 0 eng d
010 _aCAEPAF-72B
245 _aCOURT OF APPEAL ELECTION PETITION APPEALS NO.14 & 16 OF 2011, 1.Mbaghadi Fredrick Nkayi 2.Electoral Commission Vs Dr. Nabwiso Frank Wilberforce B
260 _aCourt of Appeal at Kampala
_c2012
500 _3Coram: Hon. Justice A.E.N.Mpagi-Bahigeine, Hon. Justice A.S. Nshimye, Hon.Justice Remmy Kasule
500 _3Arising from the Judgement and orders of Mwangusha J. dated 2011 in Election Petition No.4 of 2011 at Jinja
999 _c5465
_d5465